Alabama County Seats - Statistics

General Stats
  • This quiz has been taken 8 times
    2 since last reset
  • The average score is 31 of 69
Answer Stats
County County Seat % Correct
Choctaw Butler
100%
Cherokee Centre
100%
Henry Abbeville
50%
Covington Andalusia
50%
Clay Ashland
50%
St. Clair Ashville
50%
Limestone Athens
50%
Baldwin Bay Minette
50%
Jefferson Birmingham
50%
Escambia Brewton
50%
Wilcox Camden
50%
Bibb Centreville
50%
Washington Chatom
50%
Chilton Clanton
50%
Barbour Clayton
50%
Cullman Cullman
50%
Tallapoosa Dadeville
50%
Morgan Decatur
50%
Houston Dothan
50%
Winston Double Springs
50%
Coffee Enterprise
50%
Greene Eutaw
50%
Conecuh Evergreen
50%
Fayette Fayette
50%
Lauderdale Florence
50%
DeKalb Fort Payne
50%
Etowah Gadsden
50%
Geneva Geneva
50%
Hale Greensboro
50%
Butler Greenville
50%
Clarke Grove Hill
50%
Marshall Guntersville
50%
Lowndes Hayneville
50%
Madison Huntsville
50%
Walker Jasper
50%
Chambers LaFayette
50%
Marengo Linden
50%
Sumter Livingston
50%
Crenshaw Luverne
50%
Mobile Mobile
50%
Monroe Monroeville
50%
Montgomery Montgomery
50%
Lawrence Moulton
50%
Blount Oneonta
50%
Lee Opelika
50%
Dale Ozark
50%
St. Clair Pell City
50%
Autauga Prattville
50%
Coosa Rockford
50%
Franklin Russellville
50%
Dallas Selma
50%
Talladega Talladega
50%
Pike Troy
50%
Tuscaloosa Tuscaloosa
50%
Colbert Tuscumbia
50%
Macon Tuskegee
50%
Bullock Union Springs
50%
Lamar Vernon
50%
Elmore Wetumpka
50%
Calhoun Anniston
0%
Pickens Carrollton
0%
Shelby Columbiana
0%
Coffee Elba
0%
Marion Hamilton
0%
Cleburme Heflin
0%
Perry Marion
0%
Russell Phenix City
0%
Jackson Scottsboro
0%
Randolph Wedowee
0%
No matching quizzes found
Score Distribution
Percent of People with Each Score
Percentile by Number Answered
Your Score History
You have not taken this quiz since the last reset